MARC

LEADER 00000nam0a2200000 4500
001 371367
005 20231102012354.0
035 |a (RuTPU)RU\TPU\retro\28777 
090 |a 371367 
100 |a 20221014d1978 km y0rusy50 ca 
101 0 |a rus 
102 |a RU 
105 |a a z 001zy 
200 1 |a Вспыхивающие звезды малых масс  |f Р. Е. Гершберг 
210 |a Москва  |c Наука  |d 1978 
215 |a 128 с.  |c ил. 
320 |a Библиогр.: с. 118-127 
606 1 |a Звезды переменные  |x Наблюдения  |2 stltpush  |3 (RuTPU)RU\TPU\subj\66477  |9 82577 
610 1 |a вспышки 
610 1 |a вспыхивающие звезды 
610 1 |a активность 
610 1 |a красные карликовые звезды 
610 1 |a звездно-астрономические характеристики 
610 1 |a возраст 
610 1 |a эволюция 
610 1 |a межзвездная среда 
675 |a 524.33  |v 4 
700 1 |a Гершберг  |b Р. Е.  |g Роальд Евгеньевич 
801 1 |a RU  |b 63413507  |c 20221014 
942 |c BK